Quizzes
Events
Quiz Creation
Community
Videos
Private Events
Remove Ads
Sign In
Join for FREE
Feedback
Dark Mode
Quiz Categories
Sports
Geography
Music
Movies
Television
Just For Fun
Miscellaneous
History
Literature
Language
Science
Gaming
Entertainment
Religion
Holiday
For Kids
Quiz Lab
Recent
Popular Today
Quiz Kudos Today
Editor Picks
Curator Picks
Quizzes by...
Day
Popularity
Type
Ratings
Length
Year
Community
Subscriptions
Recent Discussions
Orange Saloon
Badges
Playlists
Quests
Create
Leaderboards
Showdown
Live 5
Trivia Bingo
Activity
Puzzle Library
Sporcle Events
Private Events
Virtual Trivia
Globe League
Become a Host
Pub Owners
SporcleCon
Opinionation
Our Games
Videos
Blog
Mobile Apps
Partnerships
Remove Ads and Go Orange
Feedback
Sports
Athletes
MLB
NBA
NHL
NFL
Soccer
Sports Teams
WWE
NCAA
Football
Premier League
Basketball
Baseball
Hockey
Golf
Tennis
Cricket
Rugby
Auto Racing
Olympics
World Cup
Sports
Athletes
MLB
NBA
NHL
NFL
Soccer
Sports Teams
WWE
NCAA
Football
Premier League
Basketball
Baseball
Hockey
Golf
Tennis
Cricket
Rugby
Auto Racing
Olympics
World Cup
Random Quiz
Search Sporcle
×
Quiz Lab
Quiz Lab
Sports
Skating
Type in answers that appear in a list
Type in answers that appear in a list
Classic
Best Score? Go Orange.
Vancouver 2010 Speed Skating top 10 Stats
Can you name the Vancouver 2010 Speed Skating top 10?
By
jordy_
10m
116 Questions
121 Plays
121 Plays
121 Plays
Comments
Comments
Give Quiz Kudos
Give Quiz Kudos
-
- Ratings
hide this ad
More Info
Replay
Link that replays current quiz
Next Quiz
Link to next quiz in quiz playlist
You Got
0%
They Got
Avg Score
62%
Avg Friend Score
Upgrade to see
Score Distribution
Jump to the score distribution portion of the page
Score
0/116
Timer
10:00
0
Plays Today
Hint
Answer
% Correct
5000 Men
Sven Kramer
98.3%
500 Men
Kang Seok Lee
95%
1000 Men
Kyou- Hyuk Lee
95%
5000 Men
Seung Hoon Lee
95%
10000 Men
Seung Hoon Lee
95%
500 Women
Sang Hwa Lee
95%
1000 Men
Shani Davis
94.2%
1500 Men
Shani Davis
94.2%
1000 Women
Ireen Wust
94.2%
1500 Women
Ireen Wust
94.2%
3000 Women
Ireen Wust
94.2%
1000 Men
Mark Tuitert
93.4%
1500 Men
Mark Tuitert
93.4%
1500 Women
Martina Sablikova
92.6%
3000 Women
Martina Sablikova
92.6%
5000 Women
Martina Sablikova
92.6%
5000 Men
Bob de Jong
90.9%
10000 Men
Bob de Jong
90.9%
500 Men
Tae Bum Mo
88.4%
1000 Men
Tae Bum Mo
88.4%
1500 Men
Tae Bum Mo
88.4%
Team Pursuit Men
The Netherlands
88.4%
Team Pursuit Women
The Netherlands
88.4%
Team Pursuit Men
United States
87.6%
Team Pursuit Women
United States
87.6%
1500 Men
Havard Bokko
86.8%
5000 Men
Havard Bokko
86.8%
10000 Men
Havard Bokko
86.8%
1000 Women
Hege Bokko
86.8%
Team Pursuit Men
Canada
86.8%
Team Pursuit Women
Germany
86.8%
Team Pursuit Women
Canada
86.8%
Team Pursuit Men
Japan
85.1%
Team Pursuit Women
Japan
85.1%
Team Pursuit Men
Norway
81%
Team Pursuit Men
South Korea
81%
Team Pursuit Women
South Korea
81%
Team Pursuit Women
Poland
79.3%
500 Men
Joji Kato
77.7%
Hint
Answer
% Correct
Team Pursuit Men
Italy
76.9%
1500 Men
Enrico Fabris
76%
5000 Men
Enrico Fabris
76%
1000 Men
Chad Hedrick
75.2%
1500 Men
Chad Hedrick
75.2%
500 Women
Jenny Wolf
75.2%
1500 Women
Anni Friesinger
74.4%
Team Pursuit Women
Russia
74.4%
1500 Men
Ivan Skobrev
71.9%
5000 Men
Ivan Skobrev
71.9%
10000 Men
Ivan Skobrev
71.9%
500 Women
Christine Nesbitt
71.9%
1000 Women
Christine Nesbitt
71.9%
1500 Women
Christine Nesbitt
71.9%
1000 Men
Stefan Groothuis
70.2%
500 Women
Beixing Wang
69.4%
1000 Women
Annette Gerritsen
66.9%
1500 Women
Annette Gerritsen
66.9%
500 Women
Hyon-Suk Ko
64.5%
1000 Women
Kristina Groves
64.5%
1500 Women
Kristina Groves
64.5%
3000 Women
Clara Hughes
64.5%
3000 Women
Kristina Groves
64.5%
5000 Women
Kristina Groves
64.5%
5000 Women
Clara Hughes
64.5%
500 Women
Margot Boer
63.6%
1000 Women
Margot Boer
63.6%
1500 Women
Margot Boer
63.6%
3000 Women
Stephanie Beckert
63.6%
5000 Women
Stephanie Beckert
63.6%
500 Men
Jeremy Wotherspoon
62%
1500 Men
Denny Morrison
61.2%
500 Men
Keiichiro Nagashima
60.3%
1000 Women
Laurine van Riessen
60.3%
Team Pursuit Men
Sweden
60.3%
5000 Men
Jan Blokhuijsen
59.5%
500 Men
Mika Poutala
57.9%
1000 Men
Mika Poutala
57.9%
3000 Women
Renate Groenewold
57.9%
Hint
Answer
% Correct
500 Men
Jan Smeekens
57%
1000 Men
Simon Kuipers
56.2%
1500 Men
Simon Kuipers
56.2%
500 Women
Heather Richardson
54.5%
1000 Women
Heather Richardson
54.5%
1500 Women
Daniela Anschutz
51.2%
3000 Women
Daniela Anschutz
51.2%
5000 Women
Daniela Anschutz
51.2%
500 Men
Fengtong Yu
50.4%
1000 Men
Trevor Marsicano
43.8%
10000 Men
Jonathan Kuck
38%
500 Men
Zhongqi Zhang
37.2%
500 Women
Shuang Zhang
37.2%
5000 Men
Alexis Contin
35.5%
10000 Men
Alexis Contin
35.5%
1000 Women
Nao Kodaira
28.1%
1000 Women
Jennifer Rodriguez
28.1%
1500 Women
Nao Kodaira
28.1%
5000 Men
Sverre Haugli
25.6%
10000 Men
Sverre Haugli
25.6%
3000 Women
Maren Haugli
25.6%
5000 Women
Maren Haugli
25.6%
1500 Women
Yekaterina Shikhova
21.5%
10000 Men
Arjen van der Kieft
19.8%
500 Men
Jamie Gregg
19%
5000 Women
Jilleanne Rookard
19%
5000 Women
Jorien Voorhuis
19%
1500 Men
Mikael Flygind- Larsen
14%
500 Women
Sayuri Yoshii
13.2%
1000 Men
Nick Pearson
12.4%
3000 Women
Masako Hozumi
12.4%
5000 Women
Masako Hozumi
12.4%
500 Women
Peiyu Jing
9.9%
5000 Men
Henrik Christiansen
9.1%
10000 Men
Henrik Christiansen
9.1%
5000 Women
Shiho Ishizawa
8.3%
10000 Men
Marco Weber
6.6%
3000 Women
Nancy Swider- Peltz Jr.
5.8%
Quiz Playlist
Details
Report
Send in Message
Add To Playlist
More Info:
Name the Speed Skaters who finished in the top 10 at a Speed Skating event during the 2010 Vancouver Olympics.
Classic:
Type in answers that appear in a list
Last Updated: Feb 16, 2017
Quiz Scoreboard
CHALLENGE
Sign Up to Join the Scoreboard
Show All
Scores
Hide
Comments
May contain spoilers
Recently Published
An Introduction to Baseball
by treessimontrees
Sports
5m
Movies - When Are They Set?
by FPL_Elf
Movies
5m
Popular People in 1961
by mucciniale
History
6m
More to Explore
Quiz From the Vault
Featured Blog Post
Where Did the Easter Bunny Come From?
hide this ad
You Might Also Like...
Tags
2010
Skating
Speed
Speedskating
Vancouver
Today's Top Quizzes in Sports
Browse Sports
hide this ad
Today's Top Quizzes in Skating
Browse Skating
Top Contributed Quizzes in Sports
1
Les meilleurs buteurs des matchs entre le PSG et l’OM
2
2022 World Cup Stars
3
FIFA Club World Cup Champions
4
Les entraîneurs de l'OM et du PSG au 21e siècle
5
Name the Premier League winners with different clubs
6
La finale Lions - Afrique du Sud 2021
7
Criteria MLB: Left Handed Sluggers
8
Les joueurs passés par le LOSC et le RC Lens
9
Players with Multiple 50 Home Run Seasons
10
MLB Players with Two .350 Batting Average Seasons
Explore More
Trending Topics
Disney
Crossword
Kpop
Harry Potter
Anime
NBA
Marvel
Soccer
WWE
Country
The Office
Song
Puzzle
NFL
Pokémon
hide this ad
More By:
jordy_
Quiz
Plays
Rating
Category
Featured
Created
Dutch Eredivisie Champions XI's
10,099
4.69
Sports
Feb 15, 2013
100 Soccer Legends of the 00's
8,147
4.05
Sports
Jun 25, 2012
Premier League: Club topscorer by year
5,771
5.00
Sports
Jan 24, 2019
Eredivisie Yes or No?
5,706
4.86
Sports
Nov 4, 2013
100 Soccer Legends of the 90's
4,511
4.00
Sports
Jun 25, 2012
Go to Creator's Profile
Score Distribution
Quiz Creator Spotlight
jordy_
Follow
Send a Message
Quizzes Created
-
Created Quiz Play Count
-
More By This Creator
Popular Quizzes Today
1
Find the Countries of Europe - No Outlines Minefield
2
Find the US States - No Outlines Minefield
3
The Countries of the World
4
Popular People in 1961
5
US States
6
1-10 Letter E Words III
7
Find the US States
8
Risky Map Clicking: Biggest States A-Z
More Sports Quizzes
Winners of UEFA Euro 2020 Matches
Quiz Lab
Trending Quizzes
Risky Map Clicking: Least Populous States A-Z
1-10 Letter F Words
1-10 Letter G Words
One Thing in Common: United Kingdom
Risky Map Clicking: Next State Alphabetically
Recently Updated
Leaping Animals
pecheneg
Reality TV Shows (A-Z)
bhenderson79
Rickey Henderson's Hall of Fame Teammates
pecheneg
Champions League XIs: Arsenal
pecheneg
Quick Pick: Celebrities in WWE's Hall of Fame
aduchscher
A-Z Keypad Blitz II
pecheneg
Multiple Oscar Actors
pecheneg
Mystery Phrase Blitz: Oscar 'Best Actors'
pecheneg
F. Scott Fitzgerald Novels
LTH
Pick 3 Villains
ddd62291
Trending Topics
Anime
Kpop
Disney
Crossword
Harry Potter
NBA
Marvel
Soccer
Country
WWE
Song
Pokémon
Puzzle
The Office
NFL
Your Account Isn't Verified!
In order to create a playlist on Sporcle, you need to verify the email address you used during registration. Go to your
Sporcle Settings
to finish the process.
Report this User
Report this user for behavior that violates our
Community Guidelines
.
Details:
Send Report
Go to the Sporcle.com Mobile Site →
Comments